LDR 00765naa#a2200145#i#450# 001 RU\INFRA-M\bibl\14589 005 20260425074036.6 100 ## _a20250114b2025####ek#y0rusy0150####ca 102 ## _aRU 200 1# _aРОЛЬ ЦИФРОВИЗАЦИИ И ИНТЕЛЛЕКТУАЛИЗАЦИИ В ПРЕДОСТАВЛЕНИИ УСЛУГ ПАССАЖИРАМ ЖЕЛЕЗНОДОРОЖНОГО ТРАНСПОРТА _eСтатья/тезисы конференции 210 1# _aМосква _cОбщество с ограниченной ответственностью «Научно-издательский центр ИНФРА-М» _d2025 215 ## _a3 с. 608 ## _aСтатья/тезисы конференции _2local 700 #1 _aБердышева _gЮ. А. 856 4# _anaukaru.ru _u